Dulwich Estate (Trustees), re appeal of (Record no. 64323)

MARC details
000 -LEADER
fixed length control field 01206cam a2200241 4500
001 - CONTROL NUMBER
control field ABS62637
008 - FIXED-LENGTH DATA ELEMENTS--GENERAL INFORMATION
fixed length control field 000000n2000 000 0 eng u
035 ## - SYSTEM CONTROL NUMBER
System control number (Sirsi) u107668
245 ## - TITLE STATEMENT
Title Dulwich Estate (Trustees), re appeal of
260 ## - PUBLICATION, DISTRIBUTION, ETC.
Date of publication, distribution, etc. 2000
490 ## - SERIES STATEMENT
Series statement Rating & Valuation Reporter
Volume/sequential designation [2000] 40(6) RVR 242-244(3)
520 ## - SUMMARY, ETC.
Summary, etc. LT 19 March 1998. The appellants were in charge of an estate management scheme approved under the Leasehold Reform Act 1967 s19 in 1974. In 1995 the appellants applied to the LVT to vary the scheme to include flats and houses made franchiseable under the Leasehold Reform, Housing and Urban Development Act 1993. LVT refused an extension on the grounds that it had no jurisdiction to act so. The appellants appealed with reference to the Leasehold Reform Act 1967 s19 (9). 'Held' appeal allowed.
590 ## - LOCAL NOTE (RLIN)
Local note ABS
650 ## - SUBJECT ADDED ENTRY--TOPICAL TERM
Topical term or geographic name entry element LEASEHOLD REFORM
650 ## - SUBJECT ADDED ENTRY--TOPICAL TERM
Topical term or geographic name entry element MANAGEMENT SCHEME
650 ## - SUBJECT ADDED ENTRY--TOPICAL TERM
Topical term or geographic name entry element VARIATION
650 ## - SUBJECT ADDED ENTRY--TOPICAL TERM
Topical term or geographic name entry element JURISDICTION
650 ## - SUBJECT ADDED ENTRY--TOPICAL TERM
Topical term or geographic name entry element LEASEHOLD REFORM ACT 1967 S19
650 ## - SUBJECT ADDED ENTRY--TOPICAL TERM
Topical term or geographic name entry element LEASEHOLD REFORM, HOUSING AND URBAN DEVELOPMENT ACT 1993
650 ## - SUBJECT ADDED ENTRY--TOPICAL TERM
Topical term or geographic name entry element DULWICH ESTATE (TRUSTEES)
690 ## - LOCAL SUBJECT ADDED ENTRY--TOPICAL TERM (OCLC, RLIN)
Topical term or geographic name as entry element LANDLORD AND TENANT-CASE LAW-LEASEHOLD REFORM
942 ## - ADDED ENTRY ELEMENTS (KOHA)
Suppress in OPAC 0
Holdings
Withdrawn status Lost status Source of classification or shelving scheme Damaged status Not for loan Home library Current library Shelving location Date acquired Total Checkouts Full call number Barcode Date last seen Copy number Price effective from Koha item type
    Dewey Decimal Classification     London London Journal article 08/08/2000   ABS62637 107668-1001 06/08/2019 1 06/08/2019 Law report